000 01303nam a2200373 i 4500
001 44446
003 KOSZ 005
005 20220316120748.0
008 050128s2005 pl a f |000 0 pol
015 _aUWD 2005/1778
020 _a8320813352
040 _aWA N
_cWA N
_dKOSZ 005/HR
041 0 _apol
080 _a311
080 _a(075.8)+076
245 0 0 _aStatystyka :
_bzbiór zadań : praca zbiorowa /
_cpod red. Heleny Kassyk-Rokickiej ; aut. Helena Kassyk-Rokicka [et al.].
250 _aWyd. 2 zm.
260 _aWarszawa :
_bPolskie Wydaw. Ekonomiczne,
_c2001.
300 _a282 s. :
_brys., wykr. ;
_c24 cm.
336 _aTekst
_btxt
_2rdacontent
337 _aBez urządzenia pośredniczącego
_bn
_2rdamedia
338 _aWolumin
_bnc
_2rdacarrier
380 _aKsiążki
388 _a2001-
650 7 _aStatystyka
_2DBN
655 7 _aPodręczniki akademickie
_2DBN
655 7 _aĆwiczenia i zadania dla szkół wyższych
658 _aGospodarka, ekonomia, finanse
710 2 _aPolskie Wydawnictwo Ekonomiczne
_4pbl
700 1 _aKassyk-Rokicka, Helena
_d(1939- )
_eAutor
_eRedakcja
856 _uhttp://koha.tu.koszalin.pl/cgi-bin/koha/opac-detail.pl?biblionumber=44446
_yKatalog online BPK
942 _2UKD
_cKS
999 _c44446
_d44446